Geografija mirovogo chozjajstva /

Hlavní autor: Boesch, Hans, 1911-1978
Další autoři: Gochman, Veniamin Maksovič, 1918-1986, Maksakovskij, Vladimir Pavlovič, 1924-2015
Jazyk: Ruština
Vydáno: Moskva : Progress, 1966
Fyzický popis: 277 s., obr. příl. : il.
Knihy
Uloženo v:
LEADER 00894nam a22002412a 4500
001 001763554
003 CZ BrMZK
005 20240423140151.0
007 ta
008 200817s1966 ru er|||||||||||rus d
040 |a ABA001  |b cze  |d ABA001  |d BOA001 
041 1 |a rus  |h eng 
100 1 |a Boesch, Hans,  |d 1911-1978  |7 jo20191041125  |4 aut 
245 1 0 |a Geografija mirovogo chozjajstva /  |c Hans Boesch ; perev. s angl. V.M. Gochman ; red. V.P. Maksakovskij 
260 |a Moskva :  |b Progress,  |c 1966 
300 |a 277 s., obr. příl. :  |b il. 
700 1 |a Gochman, Veniamin Maksovič,  |d 1918-1986  |7 mzk20241223738  |4 trl 
700 1 |a Maksakovskij, Vladimir Pavlovič,  |d 1924-2015  |7 mub20191030617  |4 com 
765 0 |t Geography of world economy  |9 Rusky 
910 |a BOA001  |b 3-0574.832 
990 |a BK 
991 |b 202008 
996 7 |b 2618893148  |c 3-0574.832  |l MZK  |r Sklad / do 1 hodiny  |n 0  |w 001819393  |u 000010  |a 1  |e BOA001  |j MZK50  |s A